000 00524nam a2200169Ia 4500
008 150509s9999 xx 000 0 und d
020 _a0 7546 3215 6
082 _a338.04 HEN.
100 _aHenry, Colette
245 _aEntrepreneurship education and training.
260 _aEngland.:
260 _bAshgate Publishing
260 _c2003
300 _axii, 225p.: ill,; 23cm.
500 _aIncludes bibliographical references and index.
650 _aSmall businesses - management-study and teachingEntrepreneurship study
999 _c8358
_d8358